Nam Cao về tác gia và tác phẩm /

Cuốn sách tập hợp các bài giới thiệu, phê bình, bình luận và nghiên cứu của các nhà phê bình, nghiên cứu, các nhà giảng dạy văn học, nhà văn đã được công bố trên các sách, báo, tạp chí về cuộc đời và văn nghiệp Nam Cao.

محفوظ في:
التفاصيل البيبلوغرافية
مؤلفون آخرون: Bích Thu (tuyển chọn.)
التنسيق: كتاب
اللغة:Vietnamese
منشور في: Hà Nội : Giáo dục, 1999.
الموضوعات:
الوسوم: إضافة وسم
لا توجد وسوم, كن أول من يضع وسما على هذه التسجيلة!
Thư viện lưu trữ: Mạng thư viện Đại học Đà Nẵng
LEADER 01296cam a2200385 a 4500
001 000043522
003 1499
005 20060313110639.0
008 010217b1999 vm 000 vie
020 |c 46500 
022 |a T 
040 |a IRC  |c IRC  |d IRC 
041 0 |a vie 
082 1 4 |a 895.9233  |b Na-C 
245 0 0 |a Nam Cao về tác gia và tác phẩm /  |c Bích Thu tuyển chọn. 
260 |a Hà Nội :  |b Giáo dục,  |c 1999. 
300 |a 595 tr. ;  |c 24 cm. 
520 3 |a Cuốn sách tập hợp các bài giới thiệu, phê bình, bình luận và nghiên cứu của các nhà phê bình, nghiên cứu, các nhà giảng dạy văn học, nhà văn đã được công bố trên các sách, báo, tạp chí về cuộc đời và văn nghiệp Nam Cao. 
600 1 5 |a Nam Cao,  |d 1915-1951. 
630 0 4 |a Nam Cao. 
630 0 4 |a Phê bình văn học. 
630 0 4 |a Văn học Việt. 
650 0 4 |a Văn học Việt  |x Phê bình. 
650 0 4 |a Nam Cao,  |d 1915-1951  |x Tác gia và tác phẩm. 
700 1 |a Bích Thu,  |e tuyển chọn. 
OWN |a DUT 
999 |a From the UDN01 
TYP |a Monograph 
TYP |a Printed language 
980 |a Mạng thư viện Đại học Đà Nẵng